000 00220nam a22000857a 4500
999 _c10990
_d10990
008 180712b ||||| |||| 00| 0 eng d
100 _aAusten Jane
_96786
245 _aPride and Prejudice
260 _aNew Delhi
_bCampfire
_c2016